00395nam a2200121Ia 4500008004100000100002000041245003400061245003600095260000900131856004100140999001900181952007300200160531s9999 xx 000 0 und d aOriols, Xavier. aOverview of Bohmian Mechanics cby Xavier Oriols, Jordi Mompart c2012 uhttp://arxiv.org/pdf/1206.1084v2.pdf c295260d295260 001040aCLbCLd2016-05-31l0r2016-05-31 00:00:00w2016-05-31yCBE